000 00737nam a2200205Ia 4500
005 20241129110150.0
008 241129s9999||||xx |||||||||||||| ||und||
037 _aTB
040 _aARTS
_bpun
_cARTS
041 _apun
_2pun
084 _aO153,1N09:g R1
_qARTS
100 _aਸਿੰਘ, ਸਿਮਰਜੀਤ, ਚ।
245 0 _aਢਾਡੀ ਸੋਹਨ ਸਿੰਘ ਸੀਤਲ
_cਸਿੰਘ, ਸਿਮਰਜੀਤ, ਚ।
260 _aਅੰਮ੍ਰਿਤਸਰ, ਭਾਰਤ
_bਅੰਮ੍ਰਿਤਸਰ ਧਰਮ ਪ੍ਰਚਾਰ ਕਮੇਟੀ
_c2019
300 _a238ਪ੍ਰ0
365 _aINR
_b70
650 _aPunjabi Poetry
_9187334
942 _cTB
_hO153,1N09:g R1
999 _c1227567
_d1227567